| 000 | 00927cam a2200301 i 4500 | ||
|---|---|---|---|
| 001 | 1338042 | ||
| 003 | OSt | ||
| 005 | 20230627153543.0 | ||
| 008 | 790906s1980 enk b 001 0 eng | ||
| 010 | _a 79040854 | ||
| 015 | _aGB80 | ||
| 020 | _a0070841055 | ||
| 020 | _a0070841063 (pbk.) | ||
| 040 |
_aDLC _cDLC _dDLC |
||
| 082 | 0 | 0 |
_a336 _bATK |
| 100 | 1 |
_aAtkinson, A. B. _q(Anthony Barnes), _d1944-2017. |
|
| 245 | 1 | 0 |
_aLectures on public economics / _cAnthony B. Atkinson, Joseph E. Stiglitz. |
| 260 |
_aLondon ; _aNew York : _bMcGraw-Hill Book Co., _cc1980. |
||
| 300 |
_axvi, 619 p. : _bgraphs ; _c23 cm. |
||
| 500 | _aIncludes indexes. | ||
| 504 | _aBibliography: p. 577-604. | ||
| 650 | 0 | _aFinance, Public. | |
| 650 | 0 | _aWelfare economics. | |
| 700 | 1 |
_aStiglitz, Joseph E., _ejoint author. |
|
| 906 |
_a7 _bcbc _corignew _d1 _eocip _f19 _gy-gencatlg |
||
| 942 |
_2ddc _cBK |
||
| 999 |
_c2897 _d2897 |
||